logo

Bir Sreshtho Munshi Abdur Rouf Library
Jhenaidah Cadet College

পূর্ব - পশ্চিম / (Record no. 5877)

MARC details
000 -LEADER
fixed length control field 00670nam a2200217 a 4500
001 - CONTROL NUMBER
JCCL Control Number 5877
003 - CONTROL NUMBER IDENTIFIER
JCCL marc code BD-JhCC
005 - DATE AND TIME OF LATEST TRANSACTION
control field 20200412134008.0
008 - FIXED-LENGTH DATA ELEMENTS--GENERAL INFORMATION
fixed length control field 171228s20122014bg |||| || | 000 0 ben d
035 ## - SYSTEM CONTROL NUMBER
system control number (BD-JhCC)5877
040 ## - CATALOGING SOURCE
Original cataloging agency BD-JhCC
Modifying agency BD-JhCC
041 ## - LANGUAGE CODE
Language code of Book ben
082 ## - DEWEY DECIMAL CLASSIFICATION NUMBER
Classification number 891.443
Author mark and Year GAN 2014
100 ## - MAIN ENTRY--PERSONAL NAME
Personal name গঙ্গোপাধ্যায়, সুনীল
245 ## - TITLE STATEMENT
Title পূর্ব - পশ্চিম /
Statement of responsibility, etc সুনীল গঙ্গোপাধ্যায়,
260 ## - PUBLICATION, DISTRIBUTION, ETC. (IMPRINT)
Place of publication, distribution, etc ঢাকা :
Name of publisher, distributor, etc আনন্দ প্রকাশনী,
Date of publication, distribution, etc 2014.
300 ## - PHYSICAL DESCRIPTION
Pagination 987 p. :
Dimensions 24 cm.
650 ## - SUBJECT ADDED ENTRY--TOPICAL TERM
Topical term or geographic name as entry element Bengali Novel
942 ## - ADDED ENTRY ELEMENTS (KOHA)
Source of classification or shelving scheme Dewey Decimal Classification
Koha item type Books
Koha issues (borrowed), all copies 5
Holdings
Source of classification or shelving scheme Damaged status Not for loan Home library Current library Shelving location Date of accession Source of acquisition Total Checkouts Full call number Barcode Date last seen Date checked out Copy number Koha item type Cost, normal purchase price Method of acquisition Currency
Dewey Decimal Classification     JCC Rouf Library JCC Rouf Library General Stacks 12/28/2017 IPDC 7 891.443 GAN 2014 8251 10/03/2024 08/19/2024 C - 1 Books      
Dewey Decimal Classification     JCC Rouf Library JCC Rouf Library General Stacks   With The Compliments Of 7th Intake   891.443 GAN 1993 19186 04/22/2024   C-2 Books 136.00 Gift/Donation BDT

JCC Library | Contacts | JCC Home

Last Update on 23 September 2017
Copyright @ 2017-2020 JCC Rouf Library
Rouf Library, Jhenidah Cadet College (JCC), Bangladesh